000 00753nas1a22002171i 4500
001 RU\NLR\Per\988601
005 20240921134943.0
035 _a(NLR Aleph) 010229862
090 _a10354354
_c10354354
100 _a20131115a20039999|||y0rusy50 ca
101 0 _arus
102 _aRU
110 _aa
200 1 _aСлияния & поглощения
_dMergers & acquisitions
_eэкспериментально-аналитический журнал
210 _aМосква
_d2013 -
606 1 _aФирмы
_jПериодические издания
_xСлияние
_yРоссийская Федерация
_92376091
_3RU\NLR\AUTH\661417940
686 1 _aУ29(2)я54
852 _aNLR
_jVIII
942 _cJOURNAL
980 _aRUSPER